The haunted dolls'house : (Record no. 137280)

MARC details
000 -LEADER
fixed length control field 00557nam a22001937a 4500
005 - DATE AND TIME OF LATEST TRANSACTION
control field 20170127161529.0
010 ## - LCCN (DPL NO)
LC control number ENG-117197
020 ## - INTERNATIONAL STANDARD BOOK NUMBER
International Standard Book Number 9789386050885
Terms of availability 250.00
035 ## - SYSTEM CONTROL NUMBER
System control number EN-100729
037 ## - SOURCE OF ACQUISITION
Source of stock number/acquisition DBAD/PUB
082 ## - DEWEY DECIMAL CLASSIFICATION NUMBER
Classification number S
100 ## - MAIN ENTRY--PERSONAL NAME
Personal name James,M.R.
245 ## - TITLE STATEMENT
Title The haunted dolls'house :
Statement of responsibility, etc by M.R.James
Remainder of title stories of the supernatural /
260 ## - PUBLICATION, DISTRIBUTION, ETC. (IMPRINT)
Place of publication, distribution, etc New Delhi
Name of publisher, distributor, etc Speaking Tieger
Date of publication, distribution, etc 2016
270 ## - ADDRESS
Address 4381/4, Ansari Road, Daryaganj
City New Delhi
Postal code 110002
300 ## - PHYSICAL DESCRIPTION
Extent 193p.
Other physical details 22cm(pbk)
490 ## - SERIES STATEMENT
Series statement A Ruskin Bond Selection
942 ## - ADDED ENTRY ELEMENTS (KOHA)
Source of classification or shelving scheme Dewey Decimal Classification
Item type English Books
Classification part S
Call number suffix JAM
Holdings
Withdrawn status Lost status Not for loan Collection code Home library Current library Date acquired Source of acquisition Cost, normal purchase price Full call number Barcode Copy number Cost, replacement price Koha item type
    Not For Loan Fiction D.B.Act.Division Bawana 27/01/2017 DBAD/PUB 250.00 S JAM EN-100729 1 250.00 English Books
      Fiction Shahdara Branch Shahdara Branch 10/05/2023   250.00 S JAM EN-120324 1   English Books

© Delhi Public Library
Hit Counter
free hit counter